UBT Library

Fundamental Cardiovascular and Pulmonary Physiology (Record no. 58222)

000 -LEADER
fixed length control field 00290nam a22001217a 4500
008 - FIXED-LENGTH DATA ELEMENTS--GENERAL INFORMATION
fixed length control field 211014b ||||| |||| 00| 0 eng d
041 ## - LANGUAGE CODE
Language code of text/sound track or separate title eng
080 ## - UNIVERSAL DECIMAL CLASSIFICATION NUMBER
Universal Decimal Classification number 611
100 ## - Rafti
Rafti 6
101 ## - Shkurtesa
Shkurtesa ANA
245 ## - TITLE STATEMENT
Title Fundamental Cardiovascular and Pulmonary Physiology
Statement of responsibility, etc Green,J.F
942 ## - ADDED ENTRY ELEMENTS (KOHA)
Source of classification or shelving scheme
Item type Books
Holdings
Withdrawn status Lost status Source of classification or shelving scheme Damaged status Not for loan Collection code Permanent location Current location Shelving location Date acquired Total Checkouts Full call number Barcode Date last seen Price effective from Koha item type
          Koleksioni i përgjithshem UBT - Lipjan UBT - Lipjan Koleksioni i përgjithshem 10/14/2021   611 GRE 002-80002423 10/14/2021 10/14/2021 Books
UBT Library © 2015-2024. All rights reserved University Education for Business and Technology